[Event "Quebec-ch classe"]
[Site "Repentigny CAN"]
[Date "2003.11.22"]
[Round "3"]
[White "Bolduc, Steve"]
[Black "Lawson, Eric"]
[Result "1/2-1/2"]
[WhiteElo "2314"]
[BlackElo "2355"]
[PlyCount "95"]
[EventDate "2003.11.21"]
[EventType "swiss"]
[EventRounds "5"]
[EventCountry "CAN"]

1. d4 Nf6 2. c4 e6 3. Nc3 Bb4 4. e3 b6 5. Bd3 Bb7 6. f3 Nc6 7. Nge2 a5 8. O-O
O-O 9. a3 Be7 10. Rb1 d5 11. cxd5 Nxd5 12. e4 Nxc3 13. bxc3 Ba6 14. Bxa6 Rxa6
15. a4 Qd7 16. Be3 Raa8 17. Qb3 Rfd8 18. f4 Bf8 19. f5 exf5 20. Rxf5 Qe6 21.
Qxe6 fxe6 22. Rf3 e5 23. d5 Nb8 24. Nc1 Nd7 25. Nd3 Rac8 26. c4 c6 27. Bxb6
Nxb6 28. Rxb6 cxd5 29. cxd5 Rc4 30. Rb5 Rxa4 31. Nc5 Bxc5+ 32. Rxc5 Rxe4 33.
Rxa5 Rd4 34. Ra7 R4xd5 35. Re7 Rf8 36. Rf1 Rxf1+ 37. Kxf1 Kf8 38. Ra7 Rd6 39.
Kf2 Rf6+ 40. Ke3 Rh6 41. h3 Rg6 42. Ra2 Kf7 43. Ke4 Re6 44. Rf2+ Ke7 45. Rf5
Kd6 46. Rf7 Rg6 47. g4 Ke6 48. Rf5 1/2-1/2

[Event "Quebec-ch classe"]
[Site "Repentigny CAN"]
[Date "2003.11.23"]
[Round "4"]
[White "Lawson, Eric"]
[Black "Beaudoin, Stephane"]
[Result "1-0"]
[WhiteElo "2355"]
[BlackElo "2041"]
[PlyCount "41"]
[EventDate "2003.11.21"]
[EventType "swiss"]
[EventRounds "5"]
[EventCountry "CAN"]

1. d4 Nf6 2. Bg5 e6 3. e4 h6 4. Bxf6 Qxf6 5. Nc3 d6 6. Qd2 g6 7. f4 Bg7 8. Nf3
O-O 9. Bd3 Nc6 10. e5 dxe5 11. fxe5 Qe7 12. Ne4 b6 13. O-O Bb7 14. c3 Rad8 15.
Qf4 Nb8 16. Nf6+ Kh8 17. Ng5 Rc8 18. Rae1 Rfd8 19. Re3 c5 20. Rh3 cxd4 21.
Nxf7+ 1-0

[Event "CAN-op"]
[Site "Kapuskasing CAN"]
[Date "2003.07.13"]
[Round "2"]
[White "Hauchard, Arnaud"]
[Black "Lawson, Eric"]
[Result "1-0"]
[WhiteElo "2496"]
[BlackElo "2227"]
[PlyCount "39"]
[EventDate "2003.07.12"]
[EventType "swiss"]
[EventRounds "9"]
[EventCountry "CAN"]

1. c4 b6 2. Nc3 Bb7 3. e4 e6 4. d4 Bb4 5. f3 f5 6. exf5 Nh6 7. fxe6 Nf5 8. Bf4
O-O 9. Qd2 dxe6 10. O-O-O Nc6 11. d5 Ncd4 12. g4 c5 13. dxc6 Bxc6 14. gxf5 Nxf3
15. Qxd8 Raxd8 16. Rxd8 Rxd8 17. Bg2 Ne1 18. Bxc6 Nd3+ 19. Kc2 Bc5 20. Bg5 1-0

[Event "CAN-op"]
[Site "Kapuskasing CAN"]
[Date "2003.07.14"]
[Round "4"]
[White "Kleist, Frederick"]
[Black "Lawson, Eric"]
[Result "0-1"]
[WhiteElo "2203"]
[BlackElo "2227"]
[PlyCount "66"]
[EventDate "2003.07.12"]
[EventType "swiss"]
[EventRounds "9"]
[EventCountry "CAN"]

1. d4 Nf6 2. c4 e6 3. Nf3 b6 4. Nc3 Bb7 5. Bg5 h6 6. Bh4 Bb4 7. e3 g5 8. Bg3
Ne4 9. Qc2 d6 10. Bd3 Bxc3+ 11. bxc3 f5 12. h4 Qf6 13. O-O-O Nd7 14. Rdf1 O-O-O
15. Ne1 Kb8 16. hxg5 hxg5 17. Bh2 Qg7 18. f3 Nef6 19. Bg3 Nh5 20. Bf2 g4 21.
Bh4 Rdg8 22. e4 Nf4 23. exf5 Nxd3+ 24. Nxd3 exf5 25. Kb2 Rh6 26. fxg4 Rgh8 27.
Qf2 Qxg4 28. g3 Bxh1 29. Rxh1 Nf6 30. Rf1 Ne4 31. Qf3 Nd2 32. Qxg4 fxg4 33. Rf4
Nxc4+ 0-1

[Event "CAN-op"]
[Site "Kapuskasing CAN"]
[Date "2003.07.18"]
[Round "8"]
[White "Zatonskih, Anna"]
[Black "Lawson, Eric"]
[Result "1-0"]
[WhiteElo "2423"]
[BlackElo "2227"]
[PlyCount "249"]
[EventDate "2003.07.12"]
[EventType "swiss"]
[EventRounds "9"]
[EventCountry "CAN"]

1. e4 c5 2. g3 Nc6 3. Bg2 g6 4. d3 Bg7 5. f4 d6 6. Nf3 e6 7. c3 Nge7 8. O-O O-O
9. Be3 b6 10. a4 Ba6 11. Bf2 Qd7 12. Na3 Rad8 13. Bh3 f5 14. Re1 h6 15. d4 cxd4
16. cxd4 Kh7 17. Nb5 fxe4 18. d5 Nxd5 19. Rxe4 Rf5 20. Bxf5 gxf5 21. Re2 Rg8
22. Rd2 Nce7 23. Rc1 Bc8 24. Kf1 a6 25. Nc7 Bb7 26. Nxd5 Nxd5 27. Qe2 Re8 28.
Bd4 Qxa4 29. Bxg7 Kxg7 30. Nd4 Qd7 31. Re1 Nf6 32. Qc4 Ne4 33. Rc2 Qf7 34. Qc7
Re7 35. Qxb6 Kf6 36. Nf3 Qh5 37. Qd4+ Kf7 38. Re3 Nxg3+ 39. hxg3 Bxf3 40. Rec3
Qh3+ 41. Ke1 e5 42. Qg1 exf4+ 43. Kf2 Be4 44. Rc1 fxg3+ 45. Qxg3 Qxg3+ 46. Kxg3
Re5 47. Kf4 Rb5 48. Rc7+ Ke6 49. Rh7 Rxb2 50. Rxh6+ Kd5 51. Rd1+ Kc5 52. Rdxd6
a5 53. Ra6 Rb5 54. Rh2 Bb1 55. Kg5 Kc4 56. Rh4+ Be4 57. Rh2 Kb3 58. Rh3+ Kb4
59. Rh2 Ka3 60. Rh3+ Ka4 61. Rh2 Bb1 62. Rh3 Be4 63. Rh2 Kb3 64. Rh3+ Kb2 65.
Rh2+ Kb1 66. Rh3 Kb2 67. Rh2+ Kb1 68. Rh3 Kb2 69. Rh2+ Kb3 70. Rh3+ Ka4 71. Rh2
Bb1 72. Rh4+ Ka3 73. Rh3+ Kb4 74. Rh4+ Be4 75. Rh2 a4 76. Rb2+ Kc5 77. Ra2 Rb4
78. R6xa4 Rxa4 79. Rxa4 Kd5 80. Kf4 Kd6 81. Ra5 Ke6 82. Ke3 Kf6 83. Ra6+ Ke5
84. Ra5+ Ke6 85. Kd4 Kf6 86. Ra6+ Kg5 87. Ke5 Kg4 88. Ra3 Bb1 89. Ra1 Be4 90.
Rf1 Bd3 91. Rg1+ Kf3 92. Rh1 Kg4 93. Rh2 Be4 94. Kd4 Kg3 95. Rh8 Kf4 96. Rc8
Bb1 97. Rc1 Be4 98. Rf1+ Kg3 99. Ke3 Kg2 100. Rc1 Kg3 101. Rg1+ Kh4 102. Rg8
Kh5 103. Kf4 Bb1 104. Rg5+ Kh4 105. Rg3 Be4 106. Re3 Kh5 107. Rg3 Kh4 108. Rg1
Kh5 109. Rg8 Kh6 110. Ke5 Kh5 111. Rg7 Kh6 112. Rg3 Kh5 113. Kf4 Kh4 114. Rg8
Kh5 115. Rg5+ Kh6 116. Rg1 Kh5 117. Rg8 Kh6 118. Rg5 Kh7 119. Ke5 Kh6 120. Kf6
Kh7 121. Rh5+ Kg8 122. Rh2 Bd3 123. Rg2+ Kh8 124. Kg6 Kg8 125. Rd2 1-0

[Event "Quebec-ch U20"]
[Site "Montreal CAN"]
[Date "2003.05.09"]
[Round "1"]
[White "Lawson, Eric"]
[Black "Tomb, Maroun"]
[Result "1-0"]
[WhiteElo "2335"]
[BlackElo "2125"]
[PlyCount "75"]
[EventDate "2003.05.09"]
[EventType "tourn"]
[EventRounds "5"]
[EventCountry "CAN"]

1. d4 d6 2. e4 g6 3. Nc3 Bg7 4. f4 c6 5. Nf3 d5 6. e5 h5 7. Be3 Nh6 8. h3 b5 9.
a4 b4 10. Na2 a5 11. Bf2 Na6 12. Nc1 Nc7 13. Qd2 Ba6 14. Nd3 Ne6 15. Rg1 f5 16.
Ng5 Nxg5 17. fxg5 Nf7 18. Nf4 Bxf1 19. Rxf1 Nxg5 20. Nxg6 Bh6 21. Nxh8 Nf3+ 22.
gxf3 Bxd2+ 23. Kxd2 Kd7 24. Ng6 b3 25. c3 Qb6 26. Nf4 Rg8 27. Rg1 Rxg1 28. Rxg1
c5 29. Rg6 Qc7 30. Ne6 Qc8 31. Nxc5+ Kc7 32. f4 h4 33. Bxh4 Qh8 34. Bxe7 Qh7
35. Bd6+ Kb6 36. Re6 Ka7 37. Re7+ Ka8 38. Nd7 1-0

[Event "Quebec-ch U20"]
[Site "Montreal CAN"]
[Date "2003.05.10"]
[Round "2"]
[White "Laframboise, Marc-Andre"]
[Black "Lawson, Eric"]
[Result "0-1"]
[WhiteElo "2115"]
[BlackElo "2335"]
[PlyCount "86"]
[EventDate "2003.05.09"]
[EventType "tourn"]
[EventRounds "5"]
[EventCountry "CAN"]

1. d4 Nf6 2. c4 e6 3. Nc3 Bb4 4. e3 Ne4 5. Bd2 Bxc3 6. Bxc3 Nxc3 7. bxc3 d6 8.
Bd3 c5 9. Nf3 Nc6 10. Qc2 h6 11. O-O O-O 12. Rfd1 Qc7 13. Nh4 Na5 14. d5 Qe7
15. g3 g5 16. Ng2 exd5 17. cxd5 Bh3 18. e4 c4 19. Bf1 Bxg2 20. Bxg2 b5 21. f4
Rae8 22. Re1 Qf6 23. Qd2 Nb7 24. Rab1 a6 25. a4 Nc5 26. axb5 axb5 27. Rxb5 gxf4
28. gxf4 Nd3 29. Rf1 Rb8 30. Rbb1 Kg7 31. Kh1 Rg8 32. Rg1 Rxb1 33. Rxb1 Qxf4
34. Qxf4 Nxf4 35. Bf1 Kf6 36. Bxc4 Ke5 37. Re1 Nh3 38. Rf1 Kxe4 39. Be2 Ke3 40.
Rf3+ Kxe2 41. Rxh3 Kf2 42. Rg3 Rxg3 43. hxg3 Ke3 0-1

[Event "Quebec-ch U20"]
[Site "Montreal CAN"]
[Date "2003.05.11"]
[Round "4"]
[White "Audet-Bouchard, Nicolas"]
[Black "Lawson, Eric"]
[Result "1/2-1/2"]
[WhiteElo "2098"]
[BlackElo "2335"]
[PlyCount "86"]
[EventDate "2003.05.09"]
[EventType "tourn"]
[EventRounds "5"]
[EventCountry "CAN"]

1. f4 g6 2. Nf3 Bg7 3. g3 Nf6 4. Bg2 c5 5. d3 d6 6. O-O Nc6 7. Nc3 Rb8 8. h3
Nd4 9. e3 Nxf3+ 10. Qxf3 Bd7 11. e4 Bc6 12. g4 Nd7 13. Ne2 b5 14. Ng3 b4 15. h4
Rg8 16. Kh2 Bh8 17. Bh3 Qa5 18. g5 Bd4 19. Ne2 f5 20. Nxd4 cxd4 21. Qe2 fxe4
22. dxe4 Bb5 23. Qg4 Qc7 24. Rf2 Rf8 25. h5 Rb6 26. hxg6 hxg6 27. Qe6 Rc6 28.
Qxg6+ Kd8 29. Qg7 Rxc2 30. Bd2 Qc4 31. b3 Qd3 32. Bf1 Qxe4 33. Bxb5 Rxd2 34.
Rxd2 Qxf4+ 35. Kg1 Qxd2 36. Rf1 Rxf1+ 37. Bxf1 Ne5 38. Qf8+ Kd7 39. Bh3+ e6 40.
Qg7+ Kd8 41. Qf8+ Kd7 42. Qg7+ Kd8 43. Qf8+ Kd7 1/2-1/2

[Event "Quebec-ch U20"]
[Site "Montreal CAN"]
[Date "2003.05.11"]
[Round "5"]
[White "Lawson, Eric"]
[Black "Feoktistov, Dmitri"]
[Result "1/2-1/2"]
[WhiteElo "2335"]
[BlackElo "2304"]
[PlyCount "67"]
[EventDate "2003.05.09"]
[EventType "tourn"]
[EventRounds "5"]
[EventCountry "CAN"]

1. d4 Nf6 2. Bg5 Ne4 3. Bf4 d5 4. f3 Nf6 5. e4 dxe4 6. Nc3 e3 7. Bxe3 Bf5 8.
Qd2 e6 9. Nge2 Bb4 10. a3 Be7 11. Ng3 Bg6 12. Nge4 Nd5 13. Nxd5 exd5 14. Nc5 b6
15. Nd3 Nd7 16. Nf4 c6 17. Nxg6 hxg6 18. g3 Nf8 19. Bg2 Ne6 20. O-O O-O 21. Kh1
Bf6 22. Rad1 Re8 23. f4 Qe7 24. Bg1 Rad8 25. c3 Qd6 26. f5 gxf5 27. Rxf5 Nf8
28. Rdf1 Nh7 29. R5f3 Re7 30. Re1 Rde8 31. Rxe7 Rxe7 32. Qd3 Ng5 33. Re3 Rxe3
34. Bxe3 1/2-1/2

[Event "Futurity III"]
[Site "Montreal CAN"]
[Date "2003.04.18"]
[Round "3"]
[White "Gilman, Arkadiy"]
[Black "Lawson, Eric"]
[Result "1-0"]
[WhiteElo "2202"]
[BlackElo "2249"]
[PlyCount "123"]
[EventDate "2003.04.16"]
[EventType "tourn"]
[EventRounds "9"]
[EventCountry "CAN"]

1. d4 g6 2. c4 Bg7 3. Nf3 c5 4. d5 d6 5. e4 b5 6. cxb5 Nf6 7. Nc3 a6 8. bxa6
O-O 9. h3 Qa5 10. Nd2 Bxa6 11. Bxa6 Qxa6 12. Qe2 Nbd7 13. Qxa6 Rxa6 14. Ke2 Rb8
15. Rd1 Nb6 16. Kd3 Nfd7 17. Nf3 Na4 18. Kc2 Rb4 19. Nd2 Ndb6 20. a3 Nxc3 21.
bxc3 Rba4 22. Re1 Kf8 23. Rb1 f5 24. f3 Kf7 25. Rb5 Be5 26. Rb3 Kf6 27. Rb5 Kf7
28. Rb3 fxe4 29. fxe4 e6 30. Rf1+ Ke7 31. dxe6 Kxe6 32. Rf8 Nc4 33. Rb7 Nxa3+
34. Bxa3 Rxa3 35. Re8+ Kf6 36. Rf8+ Ke6 37. Re8+ Kf6 38. Rf8+ Kg5 39. Nf3+ Kh6
40. Nxe5 Ra2+ 41. Rb2 dxe5 42. Re8 Rxb2+ 43. Kxb2 Rf6 44. Kb3 Rf2 45. Kc4 Rxg2
46. Kxc5 Rg3 47. c4 Rxh3 48. Kd5 Kg5 49. Rf8 Rc3 50. c5 h5 51. c6 h4 52. Kd6
Kg4 53. c7 g5 54. c8=Q+ Rxc8 55. Rxc8 Kf4 56. Kd5 g4 57. Rf8+ Ke3 58. Rh8 h3
59. Kxe5 Kf2 60. Kf5 Kg3 61. e5 h2 62. e6 1-0

[Event "Futurity III"]
[Site "Montreal CAN"]
[Date "2003.04.21"]
[Round "5"]
[White "Burnett, Ronald"]
[Black "Lawson, Eric"]
[Result "1/2-1/2"]
[WhiteElo "2449"]
[BlackElo "2249"]
[PlyCount "97"]
[EventDate "2003.04.16"]
[EventType "tourn"]
[EventRounds "9"]
[EventCountry "CAN"]

1. Nf3 Nf6 2. c4 b6 3. g3 Bb7 4. Bg2 e6 5. O-O Be7 6. Re1 O-O 7. Nc3 d5 8. cxd5
exd5 9. d4 Na6 10. Ne5 c5 11. dxc5 Nxc5 12. Be3 Rc8 13. Nb5 a6 14. Nd4 Bd6 15.
Nd3 Ng4 16. Bf4 Nxd3 17. exd3 Bxf4 18. Qxg4 Bg5 19. Re2 Bf6 20. Rae1 h5 21. Qf4
Qc7 22. Re3 g6 23. Nf3 Kg7 24. d4 Bc6 25. Rc1 Qd6 26. Rec3 Bd7 27. Rxc8 Rxc8
28. Rxc8 Bxc8 29. Ne5 Bf5 30. h3 b5 31. a3 Bd8 32. Qh6+ Kxh6 33. Nxf7+ Kh7 34.
Nxd6 Bf6 35. Nxf5 gxf5 36. Bxd5 Bxd4 37. b3 Kg6 38. Kg2 f4 39. gxf4 h4 40. Kf3
a5 41. Ke4 Bxf2 42. Ke5 Bc5 43. f5+ Kg7 44. f6+ Kf8 45. Bc6 Bxa3 46. Bxb5 Bb4
47. Bc4 Be1 48. Kf5 Bd2 49. Kg4 1/2-1/2

[Event "Futurity III"]
[Site "Montreal CAN"]
[Date "2003.04.23"]
[Round "7"]
[White "Quan Zhe"]
[Black "Lawson, Eric"]
[Result "1-0"]
[WhiteElo "2610"]
[BlackElo "2249"]
[PlyCount "97"]
[EventDate "2003.04.16"]
[EventType "tourn"]
[EventRounds "9"]
[EventCountry "CAN"]

1. d4 Nf6 2. c4 e6 3. Nf3 b6 4. g3 Bb7 5. Bg2 Be7 6. Nc3 Ne4 7. Bd2 O-O 8. Qc2
f5 9. d5 Nxc3 10. Bxc3 Bf6 11. Rd1 Bxc3+ 12. Qxc3 Qf6 13. Qxf6 Rxf6 14. O-O
exd5 15. cxd5 a5 16. Nd4 Na6 17. Nb5 Re8 18. Rd2 d6 19. Rc1 Rf7 20. b3 Nc5 21.
Rc3 Ba6 22. Nd4 b5 23. Ne6 b4 24. Rcc2 Nxe6 25. dxe6 Rfe7 26. Bc6 Rd8 27. Bd7
Bc8 28. Bxc8 Rxc8 29. Rxd6 Rce8 30. Rd7 Rxe6 31. Rcxc7 Rxe2 32. Rxg7+ Kh8 33.
Rxh7+ Kg8 34. Rcg7+ Kf8 35. Ra7 Kg8 36. Rhg7+ Kh8 37. Rgf7 f4 38. Rxf4 Rxa2 39.
Rf5 Ra3 40. Rfxa5 Rxb3 41. Ra8 Rxa8 42. Rxa8+ Kg7 43. Kg2 Kf6 44. h4 Rd3 45.
Rb8 b3 46. Rb5 Ke6 47. h5 Kd6 48. h6 Kc6 49. Rb8 1-0

[Event "Futurity III"]
[Site "Montreal CAN"]
[Date "2003.04.25"]
[Round "9"]
[White "Rousseau, Daniel"]
[Black "Lawson, Eric"]
[Result "1-0"]
[WhiteElo "2065"]
[BlackElo "2249"]
[PlyCount "95"]
[EventDate "2003.04.16"]
[EventType "tourn"]
[EventRounds "9"]
[EventCountry "CAN"]

1. e4 c5 2. Nf3 Nc6 3. d4 cxd4 4. Nxd4 Nf6 5. Nc3 e5 6. Ndb5 d6 7. Bg5 a6 8.
Na3 b5 9. Bxf6 gxf6 10. Nd5 f5 11. exf5 Bxf5 12. c3 Bg7 13. Nc2 Be6 14. Nce3
Ne7 15. a4 Nxd5 16. Nxd5 O-O 17. Be2 e4 18. Nf4 b4 19. Nxe6 fxe6 20. O-O bxc3
21. bxc3 Bxc3 22. Ra3 Be5 23. Rh3 d5 24. f3 Qb6+ 25. Kh1 e3 26. Bd3 Ra7 27. f4
Bd4 28. Qg4+ Rg7 29. Bxh7+ Kf7 30. Qh5+ Ke7 31. Bd3 Rfg8 32. g3 Qb3 33. Qe2
Qxa4 34. Rh6 Rb8 35. f5 Rb2 36. Rxe6+ Kd7 37. Qh5 Kc7 38. Rxa6 Qb3 39. Qe8
Rxh2+ 40. Kxh2 Qb2+ 41. Kh3 Bb6 42. Raa1 Rh7+ 43. Kg4 Qd4+ 44. Kf3 Bc5 45. Rfc1
e2 46. Ra7+ Kb6 47. Ra6+ Kc7 48. Qc6+ 1-0

[Event "Mauricie op"]
[Site "Shawinigan CAN"]
[Date "2003.03.21"]
[Round "1"]
[White "Miron, Francois"]
[Black "Lawson, Eric"]
[Result "0-1"]
[WhiteElo "2045"]
[BlackElo "2335"]
[PlyCount "60"]
[EventDate "2003.03.21"]
[EventType "swiss"]
[EventRounds "5"]
[EventCountry "CAN"]

1. e4 c5 2. Nc3 Nc6 3. f4 g6 4. Nf3 Bg7 5. Bc4 e6 6. f5 Nge7 7. fxe6 dxe6 8. d3
O-O 9. O-O Na5 10. Bb3 Nec6 11. Bg5 f6 12. Be3 Nd4 13. Ne2 f5 14. e5 Nxf3+ 15.
Rxf3 Bxe5 16. Bxc5 Bxh2+ 17. Kf1 Bd6 18. Be3 Nxb3 19. axb3 b6 20. Qd2 Bb7 21.
Bg5 Qd7 22. Rh3 e5 23. Bh6 Rf7 24. Qg5 Qc6 25. Nc3 b5 26. Qd2 b4 27. Nd1 f4 28.
c3 f3 29. g4 f2 30. Rh2 Qg2+ 0-1

[Event "Mauricie op"]
[Site "Shawinigan CAN"]
[Date "2003.03.21"]
[Round "2"]
[White "Lawson, Eric"]
[Black "Bachand-Fleurent, Julien"]
[Result "1-0"]
[WhiteElo "2335"]
[BlackElo "2035"]
[PlyCount "89"]
[EventDate "2003.03.21"]
[EventType "swiss"]
[EventRounds "5"]
[EventCountry "CAN"]

1. d4 d5 2. Bg5 h6 3. Bh4 Nf6 4. Bxf6 exf6 5. e3 Be7 6. Nd2 O-O 7. Bd3 Re8 8.
Qf3 c6 9. Ne2 Nd7 10. g4 Nf8 11. h4 Ne6 12. O-O-O a6 13. Rdg1 c5 14. g5 fxg5
15. hxg5 Nxg5 16. Qh5 c4 17. Nxc4 dxc4 18. Bxc4 b5 19. Rxg5 Bxg5 20. Bxf7+ Kh8
21. Bxe8 Bb7 22. Rh2 Bxe3+ 23. fxe3 Qxe8 24. Qxe8+ Rxe8 25. Kd2 Kh7 26. Ng3 g5
27. Kd3 Bf3 28. e4 Kg6 29. Ke3 Bg4 30. d5 h5 31. Kd4 h4 32. Nf1 Bf3 33. Nd2 Bd1
34. d6 Bxc2 35. Kd5 Kh5 36. d7 Rf8 37. Ke6 g4 38. Nf3 gxf3 39. Rxc2 Kg4 40. Ke7
Rh8 41. e5 Kg3 42. d8=Q Rxd8 43. Kxd8 f2 44. Rc1 Kg2 45. e6 1-0

[Event "Mauricie op"]
[Site "Shawinigan CAN"]
[Date "2003.03.22"]
[Round "3"]
[White "Masse, Hugues"]
[Black "Lawson, Eric"]
[Result "0-1"]
[WhiteElo "2172"]
[BlackElo "2335"]
[PlyCount "56"]
[EventDate "2003.03.21"]
[EventType "swiss"]
[EventRounds "5"]
[EventCountry "CAN"]

1. d4 Nf6 2. c4 e6 3. Nc3 Bb4 4. Qc2 c5 5. dxc5 Bxc5 6. Nf3 Qb6 7. e3 Be7 8.
Be2 O-O 9. O-O d6 10. b3 a6 11. Bb2 Qc7 12. Nd4 Nbd7 13. Rac1 b6 14. Bf3 Bb7
15. Bxb7 Qxb7 16. Rfd1 Rac8 17. Qe2 Rc7 18. e4 Rfc8 19. f3 Ne8 20. Qe3 h6 21.
Rb1 d5 22. cxd5 e5 23. Nce2 exd4 24. Nxd4 Bc5 25. Kh1 Nd6 26. a4 Ne5 27. f4 Ng4
28. Qf3 Nxe4 0-1

[Event "Mauricie op"]
[Site "Shawinigan CAN"]
[Date "2003.03.23"]
[Round "5"]
[White "Lawson, Eric"]
[Black "Bannon, Eric"]
[Result "1-0"]
[WhiteElo "2335"]
[BlackElo "2176"]
[PlyCount "57"]
[EventDate "2003.03.21"]
[EventType "swiss"]
[EventRounds "5"]
[EventCountry "CAN"]

1. d4 Nf6 2. Bg5 d5 3. Bxf6 exf6 4. e3 Bd6 5. Nd2 c6 6. Bd3 O-O 7. Qf3 Qb6 8.
O-O-O Be6 9. Ne2 Nd7 10. c3 Qc7 11. g4 Rfb8 12. h4 b5 13. g5 fxg5 14. hxg5 g6
15. Nf4 Nf8 16. Nh5 gxh5 17. Qxh5 Qc8 18. Bxh7+ Nxh7 19. g6 Kf8 20. gxh7 Ke7
21. Qg5+ Kd7 22. h8=Q Qxh8 23. Rxh8 Rxh8 24. Rg1 Rh2 25. Nb3 Rxf2 26. Nc5+ Kc7
27. Nxe6+ fxe6 28. Qg7+ Kb6 29. Qd7 1-0

[Event "Hiver/Winter op"]
[Site "Montreal CAN"]
[Date "2003.02.28"]
[Round "1"]
[White "Rivest, Jean-Michel"]
[Black "Lawson, Eric"]
[Result "0-1"]
[WhiteElo "1901"]
[BlackElo "2293"]
[PlyCount "60"]
[EventDate "2003.02.28"]
[EventType "swiss"]
[EventRounds "5"]
[EventCountry "CAN"]

1. e4 c5 2. Nf3 Nc6 3. d4 cxd4 4. Nxd4 Nf6 5. Nc3 e5 6. Ndb5 d6 7. Bg5 a6 8.
Na3 b5 9. Nd5 Be7 10. Bxf6 Bxf6 11. c3 Ne7 12. Nc2 Nxd5 13. Qxd5 Ra7 14. Ne3
Bb7 15. Qd3 O-O 16. a4 bxa4 17. Rxa4 Bc6 18. Ra2 Qb8 19. Nd5 Bd8 20. b4 a5 21.
b5 Bxd5 22. Qxd5 Bb6 23. Bc4 Rc7 24. Qd3 Rfc8 25. Ra4 Rc5 26. O-O Qc7 27. Bd5
Rxc3 28. Qe2 Rc2 29. Qd3 Rxf2 30. Rxf2 Qc1+ 0-1

[Event "Hiver/Winter op"]
[Site "Montreal CAN"]
[Date "2003.03.02"]
[Round "5"]
[White "Bolduc, Steve"]
[Black "Lawson, Eric"]
[Result "0-1"]
[WhiteElo "2228"]
[BlackElo "2293"]
[PlyCount "78"]
[EventDate "2003.02.28"]
[EventType "swiss"]
[EventRounds "5"]
[EventCountry "CAN"]

1. d4 Nf6 2. c4 e6 3. Nf3 b6 4. g3 Bb7 5. Bg2 Be7 6. O-O O-O 7. d5 exd5 8. Nh4
c6 9. Nf5 dxc4 10. e4 d5 11. e5 Ne8 12. Qg4 Kh8 13. Rd1 Bc8 14. Qf4 Bg5 15.
Qxg5 Qxg5 16. Bxg5 Bxf5 17. Be7 Rg8 18. Nc3 Nd7 19. Nxd5 cxd5 20. Bxd5 Rc8 21.
f4 Nc5 22. Bxf7 Nd3 23. Rd2 Rc7 24. Bxg8 Kxg8 25. Bh4 b5 26. Kf1 Rd7 27. Ke2
Nc7 28. Rh1 Ne6 29. Ke3 h6 30. h3 Rd4 31. Be7 Re4+ 32. Kf3 Nd4+ 33. Kg2 Re3 34.
Rf1 Be4+ 35. Kh2 Nf3+ 36. Rxf3 Rxf3 37. Re2 Bd5 38. e6 Rf1 39. g4 Rxf4 0-1

[Event "Hastings 2002-03 Challengers"]
[Site "Hastings ENG"]
[Date "2002.12.29"]
[Round "2"]
[White "Dworakowska, Joanna"]
[Black "Lawson, Eric"]
[Result "0-1"]
[WhiteElo "2389"]
[BlackElo "2268"]
[PlyCount "64"]
[EventDate "2002.12.28"]
[EventType "swiss"]
[EventRounds "9"]
[EventCountry "ENG"]

1. e4 c5 2. Nf3 Nc6 3. d4 cxd4 4. Nxd4 Nf6 5. Nc3 e5 6. Ndb5 d6 7. Bg5 a6 8.
Na3 b5 9. Bxf6 gxf6 10. Nd5 f5 11. exf5 Bxf5 12. c3 Bg7 13. Nc2 Be6 14. g3 O-O
15. Bg2 a5 16. O-O f5 17. a4 Rb8 18. Na3 b4 19. Nb5 bxc3 20. bxc3 e4 21. f3
exf3 22. Qxf3 Ne5 23. Qh5 Kh8 24. Rad1 Ng4 25. Nbc7 Bf7 26. Qxf5 Bxd5 27. Qxg4
Rxf1+ 28. Bxf1 Bb3 29. Ne6 Qb6+ 30. Kh1 Qb7+ 31. Bg2 Bxd1 32. Qg5 Bf3 0-1

[Event "Hastings 2002-03 Challengers"]
[Site "Hastings ENG"]
[Date "2003.01.04"]
[Round "8"]
[White "Lawson, Eric"]
[Black "Crouch, Colin"]
[Result "1/2-1/2"]
[WhiteElo "2268"]
[BlackElo "2388"]
[PlyCount "149"]
[EventDate "2002.12.28"]
[EventType "swiss"]
[EventRounds "9"]
[EventCountry "ENG"]

1. d4 Nf6 2. Bg5 d5 3. Bxf6 gxf6 4. c4 c6 5. e3 f5 6. Nc3 e6 7. Nf3 Nd7 8. Qc2
a6 9. h3 Qf6 10. cxd5 cxd5 11. a4 Bd6 12. g3 Nf8 13. Qb3 Ng6 14. a5 O-O 15. Na4
Ne7 16. Qb6 Nc6 17. Bd3 Qe7 18. Nc5 e5 19. Be2 exd4 20. Nd3 dxe3 21. Qxe3 Qxe3
22. fxe3 Bxg3+ 23. Kd2 Bd6 24. Ra4 f6 25. Nd4 Bd7 26. Bf3 Ne7 27. Raa1 Rac8 28.
h4 Kh8 29. h5 Rg8 30. Ne2 Bb5 31. Nc3 Bc4 32. b3 Bxb3 33. Rhb1 Bc4 34. Rxb7 Rg3
35. Rd7 Bxd3 36. Rxd6 Rxf3 37. Kxd3 f4 38. Nxd5 Nxd5 39. Rxd5 fxe3 40. Rd6 Rh3
41. Re1 Re8 42. Rxf6 Rxh5 43. Rxa6 Rd5+ 44. Kc4 Rd2 45. Rf6 e2 46. Rf2 Ra2 47.
Kd3 Rxa5 48. Rfxe2 Rd5+ 49. Kc4 Rxe2 50. Rxe2 Rd7 51. Re5 Kg7 52. Rd5 Re7 53.
Kd4 Kg6 54. Ra5 h5 55. Ra3 h4 56. Re3 Rf7 57. Kd3 Kg5 58. Ke2 Kg4 59. Re8 Kg3
60. Rg8+ Kh2 61. Rg4 h3 62. Rg8 Ra7 63. Kf1 Ra1+ 64. Kf2 Ra2+ 65. Kf1 Rg2 66.
Rh8 Rg4 67. Kf2 Rf4+ 68. Ke3 Rf7 69. Ke2 Kg2 70. Rg8+ Kh1 71. Rh8 h2 72. Rg8
Ra7 73. Kf1 Ra1+ 74. Kf2 Rg1 75. Rf8 1/2-1/2

[Event "Montreal op"]
[Site "Montreal CAN"]
[Date "2001.09.01"]
[Round "1"]
[White "Charbonneau, Anne-Marie"]
[Black "Lawson, Eric"]
[Result "0-1"]
[WhiteElo "1901"]
[BlackElo "2208"]
[PlyCount "58"]
[EventDate "2001.09.01"]
[EventType "swiss"]
[EventRounds "6"]
[EventCountry "CAN"]

1. d4 Nf6 2. c4 e6 3. Nc3 Bb4 4. Qc2 c5 5. dxc5 Na6 6. a3 Bxc3+ 7. Qxc3 Nxc5 8.
f3 d5 9. cxd5 b6 10. Bg5 exd5 11. Rd1 Bd7 12. Qe5+ Be6 13. e4 Ncd7 14. Bb5 O-O
15. Bxd7 Nxd7 16. Qg3 f6 17. exd5 Bf5 18. Bf4 Nc5 19. Rd2 Nd3+ 20. Kf1 Qxd5 21.
Ne2 Qc4 22. Qh4 Rfe8 23. Bg3 Qa2 24. Bf2 Qb1+ 25. Be1 g5 26. Qg3 Rad8 27. h4
Nxe1 28. Qxe1 Rxd2 29. Qxb1 Bxb1 0-1

[Event "Montreal op"]
[Site "Montreal CAN"]
[Date "2001.09.02"]
[Round "3"]
[White "Bachand-Fleurent, Julien"]
[Black "Lawson, Eric"]
[Result "1-0"]
[WhiteElo "2040"]
[BlackElo "2208"]
[PlyCount "62"]
[EventDate "2001.09.01"]
[EventType "swiss"]
[EventRounds "6"]
[EventCountry "CAN"]

1. e4 b6 2. d4 Bb7 3. Nc3 e6 4. g3 Bb4 5. Bg2 f5 6. d5 fxe4 7. dxe6 dxe6 8. Qg4
Qf6 9. Nge2 h5 10. Qg5 Qxg5 11. Bxg5 Nf6 12. O-O Nbd7 13. Nb5 O-O-O 14. Nxa7+
Kb8 15. Nb5 Ba6 16. Nbd4 c5 17. Nc6+ Kc7 18. Nxd8 Bxe2 19. Nxe6+ Kd6 20. Nxg7
Rg8 21. Bf4+ Ne5 22. Nf5+ Ke6 23. Bxe5 Kxe5 24. Ne7 Rg7 25. Nc6+ Kd6 26. Nxb4
Bxf1 27. Rd1+ Ke6 28. Kxf1 cxb4 29. Rd4 Rc7 30. Rxb4 Rxc2 31. Bxe4 Ng4 1-0

[Event "Montreal op"]
[Site "Montreal CAN"]
[Date "2001.09.02"]
[Round "4"]
[White "Lawson, Eric"]
[Black "Gravel, Simon M"]
[Result "0-1"]
[WhiteElo "2208"]
[BlackElo "2275"]
[PlyCount "98"]
[EventDate "2001.09.01"]
[EventType "swiss"]
[EventRounds "6"]
[EventCountry "CAN"]

1. e4 e5 2. Nf3 Nc6 3. Bb5 a6 4. Bxc6 dxc6 5. O-O f6 6. d4 exd4 7. Nxd4 c5 8.
Nb3 Qxd1 9. Rxd1 Bg4 10. f3 Be6 11. Bf4 c4 12. Nd4 O-O-O 13. Nc3 Bc5 14. Be3
Ne7 15. Nf5 Bxe3+ 16. Nxe3 Rxd1+ 17. Rxd1 Rd8 18. Kf2 Rxd1 19. Ncxd1 Kd7 20. g4
b5 21. h4 Kd6 22. f4 a5 23. Nc3 Kc5 24. Ne2 Nc6 25. g5 Nd4 26. c3 Nxe2 27. Kxe2
Kd6 28. Kf3 Ke7 29. Nd5+ Bxd5 30. exd5 f5 31. Ke3 Kd6 32. Kd4 a4 33. h5 c5+ 34.
dxc6 Kxc6 35. Ke5 b4 36. cxb4 a3 37. bxa3 c3 38. Kxf5 c2 39. h6 gxh6 40. gxh6
c1=Q 41. Kg5 Kd5 42. b5 Qg1+ 43. Kf6 Qg6+ 44. Ke7 Qe6+ 45. Kf8 Qd7 46. f5 Ke5
47. b6 Kf6 48. Kg8 Qc8+ 49. Kxh7 Kf7 0-1